Introduction to ophthalmology / (Record no. 1825)

MARC details
000 -LEADER
fixed length control field 01109cam a2200313 a 4500
001 - CONTROL NUMBER
control field 562624
003 - CONTROL NUMBER IDENTIFIER
control field OSt
005 - DATE AND TIME OF LATEST TRANSACTION
control field 20150521152952.0
008 - FIXED-LENGTH DATA ELEMENTS--GENERAL INFORMATION
fixed length control field 890124s1989 enka b 001 0 eng c
010 ## - LIBRARY OF CONGRESS CONTROL NUMBER
LC control number 89002978
020 ## - INTERNATIONAL STANDARD BOOK NUMBER
International Standard Book Number 0192617435 :
Terms of availability $35.00
040 ## - CATALOGING SOURCE
Original cataloging agency DNLM/DLC
Transcribing agency DLC
Modifying agency DLC
050 00 - LIBRARY OF CONGRESS CALL NUMBER
Classification number RE45
Item number .P37 1989
060 ## - NATIONAL LIBRARY OF MEDICINE CALL NUMBER
Classification number WW 100 P258i
082 00 - DEWEY DECIMAL CLASSIFICATION NUMBER
Classification number WW 100 Pllli 1989
Edition number 19
100 1# - MAIN ENTRY--PERSONAL NAME
Personal name Parr, John
Fuller form of name (John Cuthbert)
9 (RLIN) 4804
245 10 - TITLE STATEMENT
Title Introduction to ophthalmology /
Statement of responsibility, etc. John Parr.
250 ## - EDITION STATEMENT
Edition statement 3rd ed.
260 ## - PUBLICATION, DISTRIBUTION, ETC. (IMPRINT)
Place of publication, distribution, etc. Oxford ;
-- New York :
Name of publisher, distributor, etc. Oxford University Press,
Date of publication, distribution, etc. 1989.
300 ## - PHYSICAL DESCRIPTION
Extent 233 p. :
Other physical details ill. (some col.) ;
Dimensions 25 cm.
440 #0 - SERIES STATEMENT/ADDED ENTRY--TITLE
Title Oxford medical publications
9 (RLIN) 860
504 ## - BIBLIOGRAPHY, ETC. NOTE
Bibliography, etc Includes bibliographical references (p. 223-225) and index.
650 #0 - SUBJECT ADDED ENTRY--TOPICAL TERM
Topical term or geographic name as entry element Ophthalmology.
9 (RLIN) 338
650 #2 - SUBJECT ADDED ENTRY--TOPICAL TERM
Topical term or geographic name as entry element Eye Diseases.
9 (RLIN) 4029
856 42 - ELECTRONIC LOCATION AND ACCESS
Materials specified Publisher description
Uniform Resource Identifier http://www.loc.gov/catdir/enhancements/fy0637/89002978-d.html
856 41 - ELECTRONIC LOCATION AND ACCESS
Materials specified Table of contents only
Uniform Resource Identifier http://www.loc.gov/catdir/enhancements/fy0637/89002978-t.html
906 ## - LOCAL DATA ELEMENT F, LDF (RLIN)
a 7
b cbc
c orignew
d 1
e ocip
f 19
g y-gencatlg
942 ## - ADDED ENTRY ELEMENTS (KOHA)
Source of classification or shelving scheme Other/Generic Classification Scheme
Koha item type Short Loan
Holdings
Withdrawn status Lost status Source of classification or shelving scheme Damaged status Not for loan Home library Current library Date acquired Source of acquisition Inventory number Total Checkouts Full call number Barcode Date last seen Price effective from Koha item type
    Other/Generic Classification Scheme     MUST Main Library MUST Main Library 21/05/2015   1997/10289   WW 100 Pllli 1989 2015-1524 21/05/2015 21/05/2015 Short Loan
    Other/Generic Classification Scheme     MUST Main Library MUST Main Library 17/05/2016   97/10207   WW 100 Pllli 1989 2016-1983 17/05/2016 17/05/2016 Open Shelf